[Event "Mittelfranken Landesliga Nord 2122"]
[Site "Mittelfranken"]
[Date "2022.04.03"]
[Round "7.4"]
[White "Linsenmeyer, Mario"]
[Black "Kordts, Wolfgang"]
[Result "1-0"]
[WhiteElo "2174"]
[BlackElo "2064"]
[PlyCount "51"]
[EventDate "2021.10.24"]
[EventType "team-tourn"]
[EventRounds "9"]
[EventCountry "GER"]
[SourceTitle "EXT 2024"]
[Source "ChessBase"]
[SourceDate "2023.10.10"]
[SourceVersion "1"]
[SourceVersionDate "2023.10.10"]
[SourceQuality "1"]
[WhiteTeam "Herzogenaurach"]
[BlackTeam "Nuernberg SW"]
[WhiteTeamCountry "GER"]
[BlackTeamCountry "GER"]

1. e4 c5 2. Nf3 d6 3. d4 cxd4 4. Nxd4 Nf6 5. Nc3 a6 6. Be3 e6 7. Qd2 b5 8. f3 Bb7 9. 0-0-0 Nbd7 10. g4 Nb6 11. g5 Nfd7 12. a3 Rc8 13. h4 Ne5 14. h5 d5 15. exd5 Nxd5 16. Nxd5 Bxd5 17. Rh4 Bc5 18. f4 Nc4 19. Bxc4 Bxc4 20. h6 g6 21. Qc3 Qe7 22. Nf5 Bxe3+ 23. Nxe3 e5 24. Nd5 Qe6 25. Nf6+ Kf8 26. Rd7 1-0

[Event "Oberliga Bayern 1819"]
[Site "Bayern"]
[Date "2019.02.03"]
[Round "6.3"]
[White "Linsenmeyer, Mario"]
[Black "Popovic, Dusan"]
[Result "0-1"]
[WhiteElo "2169"]
[BlackElo "2511"]
[PlyCount "56"]
[EventDate "2018.10.21"]
[EventType "team-tourn"]
[EventRounds "9"]
[EventCountry "GER"]
[SourceTitle "EXT 2020"]
[Source "ChessBase"]
[SourceDate "2019.10.17"]
[SourceVersion "1"]
[SourceVersionDate "2019.10.17"]
[SourceQuality "1"]
[WhiteTeam "Herzogenaurach"]
[BlackTeam "Deggendorf"]
[WhiteTeamCountry "GER"]
[BlackTeamCountry "GER"]

1. e4 g6 2. d4 Bg7 3. Nc3 d6 4. f4 Nf6 5. Nf3 0-0 6. Bd3 Nc6 7. 0-0 e5 8. fxe5 dxe5 9. dxe5 Nxe5 10. Nxe5 Qd4+ 11. Kh1 Qxe5 12. Bf4 Qc5 13. Nb5 Ne8 14. c3 c6 15. Nd4 Nf6 16. Nb3 Qe7 17. Qe1 Rd8 18. Bc2 Ng4 19. Rd1 Rxd1 20. Bxd1 Ne5 21. Qg3 Bd7 22. Nd4 c5 23. Nf3 Bb5 24. Re1 Nd3 25. Bd6 Qd7 26. Re2 Rd8 27. e5 Nxe5 28. Nxe5 Qxd6 0-1

[Event "Sitges Sunway op-A 5th"]
[Site "Sitges"]
[Date "2018.12.14"]
[Round "1"]
[White "Linsenmeyer, Mario"]
[Black "Kadric, Denis"]
[Result "0-1"]
[WhiteElo "2172"]
[BlackElo "2554"]
[PlyCount "98"]
[EventDate "2018.12.14"]
[EventType "swiss"]
[EventRounds "10"]
[EventCountry "ESP"]
[SourceTitle "CBM 187 Extra"]
[Source "ChessBase"]
[SourceDate "2018.11.04"]
[SourceVersion "1"]
[SourceVersionDate "2018.11.04"]
[SourceQuality "1"]

1. e4 g6 2. d4 Bg7 3. c4 d6 4. Nf3 Nd7 5. Nc3 e5 6. Be2 Nh6 7. 0-0 0-0 8. Re1 c6 9. Bf1 f6 10. b4 Nf7 11. Be3 f5 12. exf5 gxf5 13. dxe5 dxe5 14. Qb3 e4 15. Nd4 Nde5 16. Rad1 Qf6 17. Nce2 Nd3 18. Rxd3 exd3 19. Qxd3 Ne5 20. Qc2 Ng6 21. Nf3 Qb2 22. Qxb2 Bxb2 23. Bd4 Bxd4 24. Nexd4 Bd7 25. c5 Rae8 26. Bc4+ Kg7 27. Be6 Bc8 28. Bxc8 Rxe1+ 29. Nxe1 Rxc8 30. Nxf5+ Kf6 31. Nd6 Rb8 32. Nd3 Ne5 33. Nf4 Nf7 34. Nh5+ Ke7 35. Nf5+ Ke6 36. Nfg7+ Ke5 37. f4+ Kd4 38. Nf6 h6 39. Ne6+ Kc4 40. g4 Kxb4 41. h4 Ka3 42. g5 hxg5 43. fxg5 Kxa2 44. g6 Nh6 45. g7 b5 46. cxb6 Rxb6 47. Nc5 Rb4 48. h5 a5 49. Kf2 Rf4+ 0-1

[Event "Bayern-chI Bank Hofmann 21st"]
[Site "Tegernsee"]
[Date "2017.11.04"]
[Round "8"]
[White "Linsenmeyer, Mario"]
[Black "Hoffmann, Michael"]
[Result "0-1"]
[WhiteElo "2147"]
[BlackElo "2462"]
[PlyCount "48"]
[EventDate "2017.10.28"]
[EventType "swiss"]
[EventRounds "9"]
[EventCountry "GER"]
[SourceTitle "CBM 181 Extra"]
[Source "ChessBase"]
[SourceDate "2017.12.12"]
[SourceVersion "1"]
[SourceVersionDate "2017.12.12"]
[SourceQuality "1"]

1. d4 Nf6 2. c4 e6 3. Nc3 Bb4 4. f3 0-0 5. a3 Bxc3+ 6. bxc3 Ne8 7. Nh3 b6 8. e4 Ba6 9. Bd3 Nc6 10. 0-0 Na5 11. Qe2 c5 12. e5 f6 13. Nf4 cxd4 14. cxd4 Rc8 15. c5 Bxd3 16. Nxd3 Nb3 17. Rb1 Nxd4 18. Qe4 bxc5 19. Nxc5 Nxf3+ 20. Rxf3 Rxc5 21. Rh3 f5 22. Qd4 Rd5 23. Qxa7 Rd1+ 24. Kf2 Qc8 0-1

[Event "Zirndorf Cup"]
[Site "Zirndorf"]
[Date "2017.09.03"]
[Round "7"]
[White "Ostergaard, Jens"]
[Black "Linsenmeyer, Mario"]
[Result "0-1"]
[WhiteElo "2241"]
[BlackElo "2105"]
[PlyCount "126"]
[EventDate "2017.08.30"]
[EventType "swiss"]
[EventRounds "7"]
[EventCountry "GER"]
[SourceTitle "CBM 180 Extra"]
[Source "ChessBase"]
[SourceDate "2017.10.06"]
[SourceVersion "1"]
[SourceVersionDate "2017.10.06"]
[SourceQuality "1"]

1. d4 Nf6 2. Nf3 g6 3. c4 Bg7 4. Nc3 d5 5. cxd5 Nxd5 6. e4 Nxc3 7. bxc3 c5 8. Bb5+ Nc6 9. 0-0 0-0 10. Be3 Bg4 11. d5 Ne5 12. Be2 Nxf3+ 13. Bxf3 Bxf3 14. Qxf3 Qa5 15. Qe2 Bxc3 16. Rab1 b6 17. Rfc1 Bg7 18. Qc4 a6 19. Qb3 b5 20. Bxc5 Rfe8 21. Be3 Rec8 22. Bg5 Qd8 23. Qa3 f6 24. Bf4 f5 25. Rxc8 Qxc8 26. Qxe7 Qe8 27. Qxe8+ Rxe8 28. e5 g5 29. Bxg5 Bxe5 30. g3 Bd6 31. Rc1 Re5 32. Rc8+ Kf7 33. Ra8 Rxd5 34. Rxa6 Bc5 35. Kg2 Kg7 36. Bf4 Bd4 37. h4 Bc3 38. h5 Rd7 39. Bg5 b4 40. Rc6 Ra7 41. Rb6 Rxa2 42. Rb7+ Kg8 43. Rb6 Ra7 44. Kf3 Ra3 45. Kf4 Bd2+ 46. Kxf5 Ra5+ 47. Ke6 Rxg5 48. Kf6 h6 49. Rb8+ Kh7 50. Rb7+ Kh8 51. Rb8+ Rg8 52. Rb6 Bc3+ 53. Ke7 Kh7 54. Ke6 Rg5 55. Rb7+ Rg7 56. Rb6 Rc7 57. f3 Rg7 58. g4 Bd2 59. Kf6 Bg5+ 60. Ke6 Re7+ 61. Kd5 Bd2 62. f4 Rg7 63. Rd6 Bxf4 0-1

[Event "Zirndorf Cup"]
[Site "Zirndorf"]
[Date "2017.09.01"]
[Round "4"]
[White "Linsenmeyer, Mario"]
[Black "King, Alexander"]
[Result "1/2-1/2"]
[WhiteElo "2105"]
[BlackElo "2073"]
[PlyCount "97"]
[EventDate "2017.08.30"]
[EventType "swiss"]
[EventRounds "7"]
[EventCountry "GER"]
[SourceTitle "CBM 180 Extra"]
[Source "ChessBase"]
[SourceDate "2017.10.06"]
[SourceVersion "1"]
[SourceVersionDate "2017.10.06"]
[SourceQuality "1"]

1. d4 Nf6 2. c4 g6 3. Nc3 Bg7 4. e4 d6 5. Nf3 0-0 6. Be2 c5 7. h3 cxd4 8. Nxd4 Re8 9. 0-0 Nbd7 10. Be3 b6 11. Qd2 Bb7 12. f3 Rc8 13. Rfd1 a6 14. Rac1 Qc7 15. Nd5 Qb8 16. Qb4 Ba8 17. Qa3 Bb7 18. b4 e6 19. Nxf6+ Nxf6 20. c5 dxc5 21. bxc5 bxc5 22. Nb3 c4 23. Bxc4 Qg3 24. Nc5 Ba8 25. Bxa6 Rb8 26. Bf2 Qg5 27. Qe3 Qh5 28. a4 Bh6 29. Qd4 Bxc1 30. Rxc1 e5 31. Qd6 Qg5 32. Rd1 Nh5 33. h4 Qf4 34. Bb5 Red8 35. Qxd8+ Rxd8 36. Rxd8+ Kg7 37. Rxa8 Qc1+ 38. Kh2 Qf4+ 39. Kg1 Qc1+ 40. Bf1 Nf4 41. g3 Nh3+ 42. Kg2 Nxf2 43. Ne6+ Kf6 44. Kxf2 Kxe6 45. Bh3+ Kf6 46. a5 Qc6 47. Rc8 Qb5 48. Ra8 Qc6 49. Rc8 1/2-1/2

[Event "Bayernliga U20 1011"]
[Site "Bayern"]
[Date "2010.12.04"]
[Round "2.1"]
[White "Linsenmeyer, Mario"]
[Black "Eibl, Maximilian"]
[Result "1-0"]
[WhiteElo "2105"]
[BlackElo "2047"]
[PlyCount "80"]
[EventDate "2010.10.16"]
[EventType "team-tourn"]
[EventRounds "7"]
[EventCountry "GER"]
[SourceTitle "EXT 2022"]
[Source "ChessBase"]
[SourceDate "2021.10.06"]
[SourceVersion "1"]
[SourceVersionDate "2021.10.06"]
[SourceQuality "1"]
[WhiteTeam "Grossenseebach U20"]
[BlackTeam "Kelheim SK U20"]
[WhiteTeamCountry "GER"]
[BlackTeamCountry "GER"]

1. e4 c5 2. Nf3 e6 3. d4 cxd4 4. Nxd4 a6 5. Bd3 Qc7 6. Qe2 d6 7. 0-0 Nf6 8. c4 Be7 9. b3 0-0 10. Bb2 b6 11. Nc3 Bb7 12. Kh1 Nc6 13. Nxc6 Bxc6 14. Rae1 Nd7 15. f4 Bf6 16. Rf3 g6 17. Rh3 Rfe8 18. Nd1 Bxb2 19. Qxb2 b5 20. Ne3 bxc4 21. Bxc4 d5 22. Ng4 f6 23. e5 f5 24. Nh6+ Kg7 25. Bd3 Nc5 26. Bxf5 gxf5 27. Nxf5+ Kh8 28. Nd6 Rg8 29. Rc1 Ne4 30. Nxe4 dxe4 31. Rhc3 Rac8 32. Rxc6 Qxc6 33. Rxc6 Rxc6 34. h3 e3 35. Qe2 Rc3 36. f5 exf5 37. e6 Rg7 38. Qb2 Rcc7 39. Qe5 f4 40. Qxf4 e2 1-0

[Event "Mittelfranken-chTB1 0910"]
[Site "Mittelfranken"]
[Date "2010.03.14"]
[Round "8.1"]
[White "Finster, Michael"]
[Black "Linsenmeyer, Mario"]
[Result "1/2-1/2"]
[WhiteElo "2104"]
[BlackElo "2121"]
[PlyCount "98"]
[EventDate "2009.10.11"]
[EventType "team-tourn"]
[EventRounds "9"]
[EventCountry "GER"]
[SourceTitle "EXT 2011"]
[Source "ChessBase"]
[SourceDate "2010.11.26"]
[SourceVersion "1"]
[SourceVersionDate "2010.11.26"]
[SourceQuality "1"]
[WhiteTeam "Nuernberg Sued SW II"]
[BlackTeam "Grossenseebach"]
[WhiteTeamCountry "GER"]
[BlackTeamCountry "GER"]

1. e4 c5 2. Nc3 Nc6 3. g3 g6 4. Bg2 Bg7 5. d3 d6 6. Be3 e6 7. Qd2 Rb8 8. Nh3 b5 9. a3 Nd4 10. 0-0 Qc7 11. Rae1 h6 12. f4 Ne7 13. Rf2 f5 14. Nd1 0-0 15. c3 Nb3 16. Qc2 Na5 17. Bc1 Nac6 18. Ne3 a5 19. g4 b4 20. axb4 axb4 21. Kh1 bxc3 22. bxc3 Na7 23. gxf5 gxf5 24. Rg1 Nb5 25. Bf3 Kh8 26. Bd2 Bd7 27. Rfg2 Rg8 28. Qc1 Bf6 29. Ng5 hxg5 30. fxg5 Be5 31. g6 f4 32. Qe1 Rg7 33. Qh4+ Kg8 34. Ng4 Be8 35. Nh6+ Kf8 36. Bh5 d5 37. Bxf4 dxe4 38. Rf1 Nf5 39. Bxe5 Qxe5 40. dxe4 Bc6 41. Nxf5 exf5 42. Rxf5+ Qxf5 43. exf5 Nd4 44. h3 Bxg2+ 45. Kxg2 Rb2+ 46. Kf1 Rb1+ 47. Kf2 Rb2+ 48. Kf1 Rb1+ 49. Kf2 Rb2+ 1/2-1/2

[Event "GER-chT U20"]
[Site "Chemnitz"]
[Date "2009.12.30"]
[Round "7.3"]
[White "Linsenmeyer, Mario"]
[Black "Kartsev, Alexandr"]
[Result "0-1"]
[WhiteElo "2097"]
[BlackElo "2056"]
[PlyCount "80"]
[EventDate "2009.12.27"]
[EventType "team-swiss"]
[EventRounds "7"]
[EventCountry "GER"]
[SourceTitle "EXT 2022"]
[Source "ChessBase"]
[SourceDate "2021.10.06"]
[SourceVersion "1"]
[SourceVersionDate "2021.10.06"]
[SourceQuality "1"]
[WhiteTeam "Grossenseebach U20"]
[BlackTeam "Brackel SF U20"]
[WhiteTeamCountry "GER"]
[BlackTeamCountry "GER"]

1. e4 d5 2. exd5 Nf6 3. d4 Nxd5 4. c4 Nb6 5. Nf3 Bg4 6. c5 N6d7 7. Bc4 e6 8. 0-0 Nc6 9. Re1 Bxf3 10. gxf3 Qh4 11. Re4 Qh3 12. Bb5 Nf6 13. Re3 0-0-0 14. Bxc6 bxc6 15. Qa4 Rd5 16. Rd3 Kd7 17. Nc3 Rf5 18. Qd1 Nh5 19. b4 g5 20. d5 Nf4 21. dxc6+ Kxc6 22. b5+ Kb7 23. c6+ Kb6 24. Na4+ Kxb5 25. Rb3+ Kxc6 26. Qf1 Bd6 27. Bxf4 Qxf1+ 28. Kxf1 Rxf4 29. Rc1+ Kd7 30. Nc5+ Ke7 31. Ne4 f5 32. Nxd6 cxd6 33. Rc7+ Kf6 34. Rxa7 h5 35. a4 g4 36. fxg4 hxg4 37. Kg2 Rc8 38. Rb2 Rc1 39. Ra2 Rd4 40. Rh7 Rdd1 0-1

[Event "Regionalliga NO 0809"]
[Site "Bayern"]
[Date "2009.03.01"]
[Round "7.2"]
[White "Linsenmeyer, Mario"]
[Black "Blodig, Reinhard"]
[Result "1-0"]
[WhiteElo "2099"]
[BlackElo "2067"]
[PlyCount "61"]
[EventDate "2008.10.05"]
[EventType "team-tourn"]
[EventRounds "9"]
[EventCountry "GER"]
[SourceTitle "EXT 2020"]
[Source "ChessBase"]
[SourceDate "2019.10.17"]
[SourceVersion "1"]
[SourceVersionDate "2019.10.17"]
[SourceQuality "1"]
[WhiteTeam "Grossenseebach"]
[BlackTeam "Dietfurt"]
[WhiteTeamCountry "GER"]
[BlackTeamCountry "GER"]

1. e4 d6 2. d4 g6 3. Nc3 Bg7 4. f4 Nf6 5. Nf3 c5 6. dxc5 Qa5 7. Qd4 0-0 8. cxd6 exd6 9. Qd2 Re8 10. Bd3 Nxe4 11. Nxe4 Qxd2+ 12. Kxd2 Nc6 13. Nxd6 Rd8 14. Nxc8 Raxc8 15. a3 Rd6 16. Rb1 Ne7 17. Ke2 Nd5 18. Rd1 Rb6 19. c4 Re6+ 20. Kf2 Nf6 21. Ne5 Ne8 22. Be3 b6 23. c5 Bxe5 24. fxe5 bxc5 25. Bf4 c4 26. Rbc1 Rec6 27. Be4 Rb6 28. b4 c3 29. Be3 Re6 30. Rd5 Ra6 31. Ra5 1-0

[Event "GER-chT U20"]
[Site "Arendsee"]
[Date "2008.12.29"]
[Round "5.3"]
[White "Linsenmeyer, Mario"]
[Black "Kusnetsov, Mark"]
[Result "0-1"]
[WhiteElo "2101"]
[BlackElo "2022"]
[PlyCount "112"]
[EventDate "2008.12.27"]
[EventType "team-swiss"]
[EventRounds "7"]
[EventCountry "GER"]
[SourceTitle "CBM 128 Extra"]
[Source "ChessBase"]
[SourceDate "2009.03.05"]
[SourceVersion "2"]
[SourceVersionDate "2009.03.25"]
[SourceQuality "1"]
[WhiteTeam "Grossenseebach"]
[BlackTeam "Koeln Porz"]
[WhiteTeamCountry "GER"]
[BlackTeamCountry "GER"]

1. e4 e5 2. Nf3 Nc6 3. Bc4 Nf6 4. d3 Be7 5. 0-0 d6 6. c3 0-0 7. Bb3 Bg4 8. Re1 Na5 9. Bc2 c5 10. Nbd2 Qc7 11. Nf1 Nc6 12. h3 Be6 13. Qe2 Rfe8 14. Ng3 d5 15. Bg5 d4 16. Ba4 Rab8 17. c4 a6 18. Bxc6 bxc6 19. Nf5 Bd8 20. Qd2 Nd7 21. Re2 f6 22. Bh4 Qa5 23. Qd1 Nb6 24. b3 Nc8 25. Bg3 Qc7 26. N3h4 Be7 27. Qd2 Nd6 28. Rae1 Nf7 29. f4 a5 30. Nf3 a4 31. bxa4 Rb4 32. fxe5 fxe5 33. Nxe7+ Rxe7 34. Rf1 h6 35. Nh4 Bd7 36. Ref2 Be8 37. Qe2 Qd7 38. Rf5 Re6 39. Qg4 Qd6 40. Qf3 Ng5 41. Rf8+ Kh7 42. Qd1 Rb2 43. R8f2 Rb4 44. Nf3 Nxf3+ 45. Rxf3 Bh5 46. a5 Bxf3 47. Rxf3 Qb8 48. Kh2 Rb1 49. Qe2 Qb2 50. Qxb2 Rxb2 51. Rf2 Rb4 52. Rf5 Ra4 53. Bxe5 Rxa5 54. Bxd4 Rxa2 55. Rf2 Ra3 56. Bxc5 Rxd3 0-1

[Event "GER-chT U20"]
[Site "Arendsee"]
[Date "2008.12.27"]
[Round "1.3"]
[White "Linsenmeyer, Mario"]
[Black "Rosenblatt, Marcus"]
[Result "0-1"]
[WhiteElo "2101"]
[BlackElo "1936"]
[PlyCount "100"]
[EventDate "2008.12.27"]
[EventType "team-swiss"]
[EventRounds "7"]
[EventCountry "GER"]
[SourceTitle "CBM 128 Extra"]
[Source "ChessBase"]
[SourceDate "2009.03.05"]
[SourceVersion "2"]
[SourceVersionDate "2009.03.25"]
[SourceQuality "1"]
[WhiteTeam "Grossenseebach"]
[BlackTeam "Chemnitz USG"]
[WhiteTeamCountry "GER"]
[BlackTeamCountry "GER"]

1. d4 Nf6 2. Nf3 g6 3. c4 Bg7 4. Nc3 0-0 5. e4 d6 6. Be2 e5 7. Be3 Nc6 8. d5 Ne7 9. Nd2 Nd7 10. 0-0 f5 11. f3 f4 12. Bf2 g5 13. b4 h5 14. c5 Rf6 15. Nc4 a6 16. Na4 Rb8 17. cxd6 cxd6 18. Nab6 Rg6 19. Rc1 Nf6 20. Nxc8 Nxc8 21. Qc2 g4 22. Na5 g3 23. Be1 Ne8 24. Kh1 Ne7 25. h3 Bf6 26. a4 Rg7 27. b5 axb5 28. axb5 Rc8 29. Qb1 Rxc1 30. Qxc1 Nc8 31. Bb4 Rc7 32. Qb2 Qd7 33. Rc1 Bd8 34. Rxc7 Qxc7 35. Nc4 Nb6 36. Qa2 Nxc4 37. Bxc4 Qb6 38. Qd2 Qa7 39. Qb2 Bb6 40. Bc3 Qa4 41. Be2 Bd4 42. Bxd4 exd4 43. Kg1 Nf6 44. e5 dxe5 45. d6 Qa5 46. Qc1 Qc3 47. Qb1 Qe3+ 48. Kh1 Kg7 49. Qd3 Qc1+ 50. Bf1 Qc5 0-1

[Event "Regionalliga NO 0809"]
[Site "Bayern"]
[Date "2008.11.30"]
[Round "3.3"]
[White "Linsenmeyer, Mario"]
[Black "Roeber, Juergen"]
[Result "1-0"]
[WhiteElo "2101"]
[BlackElo "2077"]
[PlyCount "85"]
[EventDate "2008.10.05"]
[EventType "team-tourn"]
[EventRounds "9"]
[EventCountry "GER"]
[SourceTitle "EXT 2020"]
[Source "ChessBase"]
[SourceDate "2019.10.17"]
[SourceVersion "1"]
[SourceVersionDate "2019.10.17"]
[SourceQuality "1"]
[WhiteTeam "Grossenseebach"]
[BlackTeam "Postbauer"]
[WhiteTeamCountry "GER"]
[BlackTeamCountry "GER"]

1. d4 Nf6 2. c4 e6 3. Nf3 d5 4. Nc3 Be7 5. e3 0-0 6. b3 c5 7. Bd3 Nc6 8. 0-0 b6 9. Bb2 cxd4 10. exd4 Ba6 11. Re1 dxc4 12. bxc4 Na5 13. Ne5 Rc8 14. Nb5 Bxb5 15. cxb5 Bd6 16. Re3 Nd5 17. Bxh7+ Kh8 18. Be4 g6 19. Bxg6 fxg6 20. Nxg6+ Kg7 21. Nxf8 Nxe3 22. Nxe6+ Kg8 23. fxe3 Qh4 24. Nf4 Nc4 25. Bc1 Bxf4 26. exf4 Re8 27. g3 Qh7 28. Bd2 Qd3 29. Qg4+ Kf8 30. Bb4+ Kf7 31. Qd7+ Kf6 32. Qxe8 Qxd4+ 33. Kg2 Qd5+ 34. Kh3 Qf5+ 35. g4 Qh7+ 36. Qh5 Qd3+ 37. Kh4 Ne3 38. Bc3+ Ke7 39. Qe5+ Kf7 40. Qg7+ Ke8 41. Re1 Kd8 42. Bf6+ Kc8 43. Rc1+ 1-0

[Event "Seebach op 19th"]
[Site "Grossenseebach"]
[Date "2008.05.23"]
[Round "3"]
[White "Killmann, Martin"]
[Black "Linsenmeyer, Mario"]
[Result "0-1"]
[WhiteElo "1644"]
[BlackElo "2108"]
[PlyCount "84"]
[EventDate "2008.05.25"]
[EventType "swiss"]
[EventRounds "7"]
[EventCountry "GER"]
[SourceTitle "EXT 2018"]
[Source "ChessBase"]
[SourceDate "2017.10.13"]
[SourceVersion "1"]
[SourceVersionDate "2017.10.13"]
[SourceQuality "1"]

1. d4 Nf6 2. c4 e5 3. dxe5 Ng4 4. Bf4 Nc6 5. Nf3 Bb4+ 6. Nbd2 Qe7 7. e3 Ngxe5 8. Nxe5 Nxe5 9. Be2 d6 10. 0-0 Bd7 11. Nb3 Ba4 12. Bf3 0-0-0 13. a3 Nxf3+ 14. Qxf3 Bc5 15. Nxc5 dxc5 16. b4 h5 17. e4 Rhe8 18. Rfe1 Rd4 19. Qxh5 Rxe4 20. Qf5+ Bd7 21. Qxe4 Qxe4 22. Rxe4 Rxe4 23. Be3 cxb4 24. axb4 Rxc4 25. Rxa7 Be6 26. Ra4 b5 27. Ra1 Rxb4 28. Kf1 Rc4 29. Ke2 b4 30. Rc1 Kb7 31. Kd3 Rxc1 32. Bxc1 c5 33. Be3 Kc6 34. h3 Kd5 35. g4 c4+ 36. Kc2 Bd7 37. f3 Ba4+ 38. Kd2 c3+ 39. Kd3 Bb5+ 40. Kc2 Kc4 41. Bf4 b3+ 42. Kb1 b2 0-1

[Event "Seebach op 19th"]
[Site "Grossenseebach"]
[Date "2008.05.22"]
[Round "2"]
[White "Linsenmeyer, Mario"]
[Black "Walch, Roger"]
[Result "1-0"]
[WhiteElo "2108"]
[BlackElo "1771"]
[PlyCount "47"]
[EventDate "2008.05.25"]
[EventType "swiss"]
[EventRounds "7"]
[EventCountry "GER"]
[SourceTitle "EXT 2018"]
[Source "ChessBase"]
[SourceDate "2017.10.13"]
[SourceVersion "1"]
[SourceVersionDate "2017.10.13"]
[SourceQuality "1"]

1. e4 e6 2. d4 d5 3. Nc3 Nf6 4. e5 Nfd7 5. f4 c5 6. Nf3 cxd4 7. Nxd4 Bc5 8. Be3 0-0 9. Qd2 Nc6 10. 0-0-0 Qa5 11. Nb3 Bxe3 12. Qxe3 Qb4 13. h4 a5 14. a3 Qe7 15. h5 a4 16. Nd4 Nxd4 17. Rxd4 Nc5 18. f5 f6 19. h6 fxe5 20. Rg4 Rf7 21. f6 Qc7 22. Rxg7+ Rxg7 23. hxg7 d4 24. Qh6 1-0